"Europe's new democracies: Leadership and responsibility"

Prejav Václava Havla na konferencii v Bratislave dňa 11. mája 2001.

Saved in:
Bibliographic Details
Main Author: Havel, Václav
Format: Book Chapter
Language:Czech
Subjects:
Tags: Add Tag
No Tags, Be the first to tag this record!

MARC

LEADER 00000naa a2200000 4500
001 r042202
005 20230927121104.0
041 0 |a cze 
044 |a CZ 
245 1 0 |a "Europe's new democracies: Leadership and responsibility"  |c Václav Havel 
520 |a Prejav Václava Havla na konferencii v Bratislave dňa 11. mája 2001. 
610 2 0 |a politika bezpečnostná 
610 2 0 |a politika medzinárodná 
610 2 0 |a obrana štátu 
610 2 0 |a SVE 
610 2 0 |a NATO 
610 2 0 |a konferencie 
100 1 |a Havel, Václav